000 00321nam a2200121Ia 4500
008 231129s9999||||xx |||||||||||||| ||spa||
020 _a958-693-699-6 (obra
040 _bspa
082 _aR 036 L697s
245 0 _aEl Libro del saber
264 _aPeriódicos Asociados
942 _2ddc
_cBKS
999 _c11566
_d11566